000 00620nam a2200265Ia 4500
005 20260306153208.0
008 008 260114s9999 xx 000 0 eng d
020 _a9781009024808
037 _aEBOOK
040 _aCRL
040 _beng
040 _cCRL
041 _2eng
041 _aeng
084 _qCRL
100 _aWelling
_91124955
245 4 _aThe TKT Course Training Activities
250 _a1st ed
260 _bCambridge University Press
260 _c2024
650 _aLinguistics
856 _uhttps://doi.org/10.1017/9781009024808
942 _cEBOOK
999 _c1702522
_d1702522